000 00332nam a2200133 i 4500
001 bg
100 1 _aRATYŃSKI, W.
245 0 _aZwiązki zawodowe i organizacje społeczno-samorządowe /
_cW. Ratyński.
260 _aWarszawa,
_c1986.
040 _cBPK
041 _apol
942 _cKS
008 s pl f |000 0 pol
999 _c2765
_d2765
856 _uhttp://koha.tu.koszalin.pl/cgi-bin/koha/opac-detail.pl?biblionumber=2765
_yKatalog online BPK